<?xml version="1.0" encoding="UTF-8"?>
<record
    xmlns:xsi="http://www.w3.org/2001/XMLSchema-instance"
    xsi:schemaLocation="http://www.loc.gov/MARC21/slim http://www.loc.gov/standards/marcxml/schema/MARC21slim.xsd"
    xmlns="http://www.loc.gov/MARC21/slim">

  <leader>00737nam a22002177a 4500</leader>
  <controlfield tag="003">OSt</controlfield>
  <controlfield tag="008">260305b2022    |||||||| |||| 00| 0 eng d</controlfield>
  <datafield tag="020" ind1=" " ind2=" ">
    <subfield code="a">9781800815155</subfield>
  </datafield>
  <datafield tag="082" ind1=" " ind2=" ">
    <subfield code="a">303.4834</subfield>
    <subfield code="b">SIL-T</subfield>
  </datafield>
  <datafield tag="100" ind1=" " ind2=" ">
    <subfield code="a">Silver, Jeremy</subfield>
  </datafield>
  <datafield tag="245" ind1=" " ind2=" ">
    <subfield code="a">Towards a digital renaissance :</subfield>
    <subfield code="b">the evolution of creativity, values and business from cyberspace to the metaverse /</subfield>
    <subfield code="c">Jeremy Silver</subfield>
  </datafield>
  <datafield tag="260" ind1=" " ind2=" ">
    <subfield code="a">London :</subfield>
    <subfield code="b">Profile Editions,</subfield>
    <subfield code="c">2022.</subfield>
  </datafield>
  <datafield tag="300" ind1=" " ind2=" ">
    <subfield code="a">280 p. ;</subfield>
  </datafield>
  <datafield tag="650" ind1=" " ind2=" ">
    <subfield code="a">Digital transformation</subfield>
  </datafield>
  <datafield tag="650" ind1=" " ind2=" ">
    <subfield code="a">Information technology Social aspects</subfield>
  </datafield>
  <datafield tag="650" ind1=" " ind2=" ">
    <subfield code="a">Creative industries Technological innovations</subfield>
  </datafield>
  <datafield tag="650" ind1=" " ind2=" ">
    <subfield code="a">Virtual reality Social aspects</subfield>
  </datafield>
  <datafield tag="650" ind1=" " ind2=" ">
    <subfield code="a">Metaverse</subfield>
  </datafield>
  <datafield tag="650" ind1=" " ind2=" ">
    <subfield code="a">Technology and civilization</subfield>
  </datafield>
  <datafield tag="942" ind1=" " ind2=" ">
    <subfield code="2">ddc</subfield>
    <subfield code="c">BK</subfield>
  </datafield>
  <datafield tag="999" ind1=" " ind2=" ">
    <subfield code="c">21587</subfield>
    <subfield code="d">21587</subfield>
  </datafield>
  <datafield tag="952" ind1=" " ind2=" ">
    <subfield code="0">0</subfield>
    <subfield code="1">0</subfield>
    <subfield code="2">ddc</subfield>
    <subfield code="4">0</subfield>
    <subfield code="7">0</subfield>
    <subfield code="8">DT&amp;I</subfield>
    <subfield code="a">SOBD</subfield>
    <subfield code="b">SOBD</subfield>
    <subfield code="d">2026-02-17</subfield>
    <subfield code="e">All India Book House</subfield>
    <subfield code="f">INR</subfield>
    <subfield code="g">899.00</subfield>
    <subfield code="o">303.4834 SIL-T1</subfield>
    <subfield code="p">008369</subfield>
    <subfield code="r">2026-03-05</subfield>
    <subfield code="t">1</subfield>
    <subfield code="w">2026-02-17</subfield>
    <subfield code="y">REF</subfield>
    <subfield code="k">NA/IN/1929</subfield>
  </datafield>
  <datafield tag="952" ind1=" " ind2=" ">
    <subfield code="0">0</subfield>
    <subfield code="1">0</subfield>
    <subfield code="2">ddc</subfield>
    <subfield code="4">0</subfield>
    <subfield code="7">0</subfield>
    <subfield code="a">SOBD</subfield>
    <subfield code="b">SOBD</subfield>
    <subfield code="d">2026-02-17</subfield>
    <subfield code="e">All India Book House</subfield>
    <subfield code="f">INR</subfield>
    <subfield code="g">899.00</subfield>
    <subfield code="o">303.4834 SIL-T2</subfield>
    <subfield code="p">008370</subfield>
    <subfield code="r">2026-03-05</subfield>
    <subfield code="t">2</subfield>
    <subfield code="w">2026-02-17</subfield>
    <subfield code="y">BK</subfield>
    <subfield code="k">NA/IN/1929</subfield>
  </datafield>
  <datafield tag="952" ind1=" " ind2=" ">
    <subfield code="0">0</subfield>
    <subfield code="1">0</subfield>
    <subfield code="2">ddc</subfield>
    <subfield code="4">0</subfield>
    <subfield code="7">0</subfield>
    <subfield code="a">SOBD</subfield>
    <subfield code="b">SOBD</subfield>
    <subfield code="d">2026-02-17</subfield>
    <subfield code="e">All India Book House</subfield>
    <subfield code="f">INR</subfield>
    <subfield code="g">899.00</subfield>
    <subfield code="o">303.4834 SIL-T3</subfield>
    <subfield code="p">008371</subfield>
    <subfield code="r">2026-03-05</subfield>
    <subfield code="t">3</subfield>
    <subfield code="w">2026-02-17</subfield>
    <subfield code="y">BK</subfield>
    <subfield code="k">NA/IN/1929</subfield>
  </datafield>
</record>
